01676cam a2200361 a 4500001000500000005001700005020001800022040002300040050002000063082000800083100003500091245007700126250004400203260003400247300004100281490010600322505000800428520031800436521002000754521002000774650004100794650002300835650002800858650003200886650002600918650002500944650002200969906004500991942001501036999001501051952012301066952012501189309920241203152639.0 a9780439445726 aDLCcDLCdDLCbeng00aPZ7.M992b 200100a9731 aMyers, Walter Deand1937-2014.14aThe journal of Biddy Owens :bthe Negro leagues /cby Walter Dean Myers. aFirst paperback printing , October 2002 aNew York :bScholastic,c2001 a139 pages :billustrations ;c20 cm. a My Name is America (11), My Story, Dear America Collections (My Name Is America: Civil Rights, 1948) aZ  aTeenager Biddy Owens' 1948 journal about working for the Birmingham Black Barons includes the games and the players, racism the team faces from New Orleans to Chicago, and his family's resistance to his becoming a professional baseball player. Includes a historical note about the evolution of the Negro Leagues. a920 bLexile  aZ bRaz-Plus  0aAfrican AmericansvJuvenile fiction. 1aBaseballvFiction. 1aNegro LeaguesvFiction. 1aAfrican AmericansvFiction. 1aSegregationvFiction. 1aPrejudicesvFiction. 1aDiariesvFiction. a7bcbccorignewd1eocipf20gy-gencatlg 2ddccBKn0 c3099d3099 00102ddc40708FICa001b001cSBSd2024-02-05l0oDEA 973 PZ7.M992pFIS00505r2024-02-05 15:57:59t1w2024-02-05yBK 00102ddc40708FICa001b001cSBSd2024-02-05l0oDEA 973 PZ7.M992pFISSE00988r2024-12-03 14:28:03t2w2024-02-05yBK